000 01688nam a2200337 a 4500
001 000024125
003 DO-SdBNP
005 20230704090942.0
008 110119s1971 dr b 000 0 spa d
040 _aBPMSU
_bspa
_cBPMSU
082 4 _a972.9302
_bM938e 1971
_222
100 1 _aMoya Pons, Frank
_d1944-
245 1 3 _aLa Española en el Siglo XVI :
_btrabajo sociedad y política en la economía del oro /
_cFrank Moya Pons
246 1 3 _aLa Española en el Siglo XVI :
_b1493-1520
260 _aSantiago, República Dominicana :
_bUniversidad Católica Madre y Maestra
_c1971
300 _a207 p. ;
_c20 cm.
490 0 _aEstudio
500 _aIncluye datos biográficos del autor en la contracubierta
500 _aIncluye referencias bibliográficas y notas al pie de las páginas
500 _aIncluye índice
504 _aBibliografía : p. 273-278
505 0 _aAntecedentes (1493-1500) -- Encomiendas y repartimientos en tiempos de Nicolás de Ovando 1500-1508 -- Clase y conflitos en tiempos de Diego Colón 1509-1514 -- El repartimiento de 1514 -- La Crisis de Oro : reto y respuesta 1515-1516 -- La utopía españolense : el Gobierno de los Padre Jerónimos 1516-1519
590 _6Inventariado,2021/VM
651 4 _aRepública Dominicana
_xHistoria
_yXVI
_6
651 4 _aRepública Dominicana
_xCondiciones sociales
_ySiglo XVI.
_v
651 4 _aRepública Dominicana
_xCondiciones económicas
_ySiglo XVI .
_v
651 4 _aAmérica
_xDescubrimiento y exploraciones
_xEspañoles
_xAspectos socioeconómicos.
710 2 _aUniversidad Católica y Maestra (Santiago,República Dominicana)
910 _aVMateo V. Control de calidad (BPMSU)
942 _2ddc
_cBK
999 _c13465
_d13465